Polt̕ica y Cultura

Bibliographic Details
Format: Unknown
Language:English
Published: Mexico D.F. : Universidad Autn̤oma del Estado de Mx̌ico,
Subjects:
Online Access:Acceso restringido

MARC

LEADER 00000ny a22000003n 4500
005 20110517143458.0
008 070206s19uu9999mx r p s 0 a0eng d
022 |a 0188-7742 
035 |a 4936 
040 |a BUS  |d vLex 
090 |c 2047  |d 2047 
130 0 |a Polt̕ica y cultura (Mexico D.F.) 
245 3 0 |a Polt̕ica y Cultura  |h [Recurso electrn̤ico] 
246 3 |a Revista Polt̕ica y Cultura 
256 |a Servicio en ln̕ea 
260 |a Mexico D.F. :  |b Universidad Autn̤oma del Estado de Mx̌ico, 
310 |a Semestral  
506 1 |a Contenido solo disponible en los productos indicados  |d vLex Global  |d vLex Global (Academic Edition, excluding Law Schools)  |d vLex Global (U.S. Academic Edition, Law Schools)  |d vLex Global (U.S. Academic Edition, excluding Law Schools)  |d vLex Global (Academic Edition, Law Schools) 
651 4 |a Mexico  |x Civilizacin̤  |x Publicaciones perid̤icas. 
651 4 |a Mexico  |x Polt̕ica y gobierno  |x Publicaciones perid̤icas 
651 4 |a Mexico  |x Situacin̤ social  |x Publicaciones perid̤icas 
740 |a vLex Revista (Servicios en ln̕ea) 
843 |a Electrn̤ica. Abierta 
853 |8 1  |i (year)  |j (month)  |k (day) 
856 4 0 |z Acceso restringido  |u http://vlex.com/source/revista-politica-cultura-mexico-4936 
942 |c REV 
999 4 |a Mexico  |y 19..  |v Publicaciones perid̤icas. 
999 4 |a Mexico  |y 1988-2000  |v Publicaciones perid̤icas. 
999 4 |a Mexico  |y 2000-  |v Publicaciones perid̤icas. 
999 4 |a Mexico  |y 1970-  |v Publicaciones perid̤icas.